Sultans of the Ghaznavid Empire - Statistics

General Stats
  • This quiz has been taken 27 times
  • The average score is 4 of 10
Answer Stats
Reign Sultan % Correct
1002-1030 Mahmud
88%
1030, 1040-1041 Muhammad
88%
1048-1049 Ali
35%
1059-1099 Ibrahim
35%
1030-1040 Mas'ud I
29%
1048 Mas'ud II
29%
1099-1115 Mas'ud III
29%
1049-1052 Abd al-Rashid
12%
1041-1048 Mawdud
12%
1053-1059 Farrukh-Zad
6%
No matching quizzes found
Score Distribution
Percent of People with Each Score
Percentile by Number Answered
Your Score History
You have not taken this quiz